[Event "Gobernacion op"]
[Site "Gobernacion"]
[Date "2015.12.01"]
[Round "7"]
[White "Navas, Gildardo"]
[Black "Alvarez, Juan Evangelista"]
[Result "0-1"]
[WhiteElo "1505"]
[BlackElo "1683"]
[PlyCount "92"]
[EventDate "2015.11.28"]
[EventType "swiss"]
[EventRounds "7"]
[EventCountry "COL"]
[SourceTitle "EXT 2019"]
[Source "ChessBase"]
[SourceDate "2018.10.10"]
[SourceVersion "1"]
[SourceVersionDate "2018.10.10"]
[SourceQuality "1"]

1. e4 Nf6 2. Nc3 e5 3. d3 Bc5 4. Nf3 Ng4 5. Be3 Bxe3 6. fxe3 Nxe3 7. Qe2 Ng4 8. 0-0-0 Nc6 9. Qe1 d6 10. Qg3 0-0 11. h3 Nh6 12. d4 exd4 13. Nxd4 Nxd4 14. Rxd4 f5 15. exf5 Nxf5 16. Bc4+ Kh8 17. Qd3 Nxd4 18. Qxd4 Qg5+ 19. Kb1 Bf5 20. Ka1 Bxc2 21. h4 Qg3 22. Ne2 Qf2 23. Qd2 Qxg2 24. Rg1 Rf1+ 25. Rxf1 Qxf1+ 26. Qc1 Rf8 27. b3 Qxc1+ 28. Nxc1 Rf4 29. Kb2 Rxh4 30. Kxc2 g5 31. Kd2 h5 32. Ke2 Kg7 33. Bd5 c6 34. Bg2 Kf6 35. Nd3 Kf5 36. Ne1 Rb4 37. Ke3 g4 38. Kf2 h4 39. Bf1 Rf4+ 40. Kg1 h3 41. Bd3+ Kg5 42. Kh2 Kh4 43. Kg1 g3 44. Be2 h2+ 45. Kh1 Rf2 46. Ng2+ Kg5 0-1

[Event "Bucaramanga Udi Cup"]
[Site "Bucaramanga"]
[Date "2014.10.18"]
[Round "6"]
[White "Cardenas Angarita, Juan Pablo"]
[Black "Navas, Gildardo"]
[Result "1-0"]
[WhiteElo "1675"]
[BlackElo "1499"]
[PlyCount "49"]
[EventDate "2014.10.15"]
[EventType "swiss"]
[EventRounds "9"]
[EventCountry "COL"]
[SourceTitle "EXT 2015"]
[Source "ChessBase"]
[SourceDate "2014.11.20"]
[SourceVersion "1"]
[SourceVersionDate "2014.11.20"]
[SourceQuality "1"]

1. c4 e5 2. Nc3 Bc5 3. g3 Nf6 4. Bg2 0-0 5. e3 c6 6. Nge2 d6 7. 0-0 Bg4 8. d4 Bb6 9. dxe5 dxe5 10. Qc2 Nbd7 11. b3 Qe7 12. Bb2 Rad8 13. Ne4 Bh5 14. N2c3 Bg6 15. Nxf6+ Qxf6 16. Be4 Bc7 17. Bxg6 Qxg6 18. Qxg6 fxg6 19. Ne4 Nf6 20. Nc5 Rd2 21. Ba3 Bd6 22. Rfd1 Rxd1+ 23. Rxd1 Bxc5 24. Bxc5 b6 25. Bxf8 1-0

[Event "Bogota McGregor op 4th"]
[Site "Bogota"]
[Date "2013.12.05"]
[Round "3"]
[White "Navas, Gildardo"]
[Black "Pineda Arevalo, Jose Ariel"]
[Result "0-1"]
[WhiteElo "1515"]
[BlackElo "2038"]
[PlyCount "56"]
[EventDate "2013.12.04"]
[EventType "swiss"]
[EventRounds "9"]
[EventCountry "COL"]
[SourceTitle "CBM 157 Extra"]
[Source "ChessBase"]
[SourceDate "2013.12.19"]
[SourceVersion "1"]
[SourceVersionDate "2013.12.19"]
[SourceQuality "1"]

1. e4 d6 2. Nf3 Nf6 3. d3 g6 4. Nc3 Bg7 5. Be2 0-0 6. Bg5 h6 7. Bh4 c6 8. Qd2 b5 9. 0-0 b4 10. Nd1 c5 11. Re1 Nc6 12. c3 a5 13. Ne3 Be6 14. Bf1 Ng4 15. Nxg4 Bxg4 16. Qe3 Kh7 17. h3 Bxf3 18. Qxf3 bxc3 19. Re2 Nd4 20. Qe3 Nxe2+ 21. Bxe2 cxb2 22. Rb1 a4 23. Qf3 f5 24. exf5 Rxf5 25. Qe4 Ra7 26. Bg4 Rf8 27. Bh5 Qe8 28. f4 d5 0-1

[Event "Santander Departamental-ch"]
[Site "Santander"]
[Date "2013.11.30"]
[Round "6"]
[White "Rojas Mayorga, Brayan Arley"]
[Black "Navas, Gildardo"]
[Result "1-0"]
[WhiteElo "1531"]
[BlackElo "1521"]
[PlyCount "59"]
[EventDate "2013.11.28"]
[EventType "swiss"]
[EventRounds "8"]
[EventCountry "COL"]
[SourceTitle "CBM 157 Extra"]
[Source "ChessBase"]
[SourceDate "2013.12.19"]
[SourceVersion "1"]
[SourceVersionDate "2013.12.19"]
[SourceQuality "1"]

1. e4 e5 2. Nf3 Nc6 3. Bb5 Bc5 4. 0-0 d6 5. h3 Bd7 6. c3 Qe7 7. Re1 0-0-0 8. d4 Bb6 9. Nbd2 a6 10. Ba4 Qf6 11. Nf1 exd4 12. Bg5 Qg6 13. Bxd8 Bxh3 14. Ng3 Bg4 15. Bh4 Nd8 16. Bxd8 Kxd8 17. Nh4 Qg5 18. Nf3 Qg6 19. cxd4 h5 20. Kf1 h4 21. Nf5 h3 22. g3 Rh7 23. Bc2 Qh5 24. N5h4 Qb5+ 25. Qd3 Qxb2 26. Qb3 Qxb3 27. axb3 Ne7 28. Bd1 Bd7 29. Ng5 Rh5 30. Nxf7+ 1-0

[Event "Santander Departamental-ch"]
[Site "Santander"]
[Date "2013.11.28"]
[Round "1"]
[White "Sanchez, Sebastian Felipe"]
[Black "Navas, Gildardo"]
[Result "1-0"]
[WhiteElo "2348"]
[BlackElo "1521"]
[PlyCount "75"]
[EventDate "2013.11.28"]
[EventType "swiss"]
[EventRounds "8"]
[EventCountry "COL"]
[SourceTitle "CBM 157 Extra"]
[Source "ChessBase"]
[SourceDate "2013.12.19"]
[SourceVersion "1"]
[SourceVersionDate "2013.12.19"]
[SourceQuality "1"]

1. e4 e5 2. Nf3 Nc6 3. d4 exd4 4. Nxd4 Nxd4 5. Qxd4 Ne7 6. Be3 Nc6 7. Qd2 Be7 8. Nc3 0-0 9. 0-0-0 Bb4 10. a3 Ba5 11. Kb1 d6 12. Bb5 Bd7 13. f3 Qf6 14. Nd5 Qd8 15. Qf2 Ne5 16. Be2 Bb6 17. g4 Be6 18. g5 Bxd5 19. Rxd5 Bxe3 20. Qxe3 Re8 21. f4 Nd7 22. Bf3 Nb6 23. Rd4 d5 24. Qc3 c6 25. exd5 cxd5 26. Rhd1 Rc8 27. Qb3 Qc7 28. h4 Re7 29. h5 Rce8 30. Bxd5 Re1 31. Rxe1 Rxe1+ 32. Ka2 Nxd5 33. Qxd5 Re8 34. g6 hxg6 35. hxg6 Kf8 36. Rc4 Qe7 37. Re4 Qf6 38. Qc5+ 1-0

[Event "COL-ch visually impaired 4th"]
[Site "Bogota"]
[Date "2013.11.08"]
[Round "4.9"]
[White "Monroy, Juan Francisco"]
[Black "Navas, Gildardo"]
[Result "1/2-1/2"]
[WhiteElo "1494"]
[BlackElo "1521"]
[PlyCount "56"]
[EventDate "2013.11.08"]
[EventType "swiss"]
[EventRounds "5"]
[EventCountry "COL"]
[SourceTitle "EXT 2024"]
[Source "ChessBase"]
[SourceDate "2023.10.10"]
[SourceVersion "1"]
[SourceVersionDate "2023.10.10"]
[SourceQuality "1"]

1. e4 e5 2. Nf3 Nc6 3. Bc4 Nf6 4. Nc3 Be7 5. d3 0-0 6. h3 d6 7. Be3 Na5 8. Qd2 Nxc4 9. dxc4 c6 10. g4 Bd7 11. g5 Nh5 12. Qe2 g6 13. 0-0-0 Qa5 14. Bd2 Ng7 15. Nd5 Qd8 16. Nxe7+ Qxe7 17. h4 Bg4 18. Rdg1 Bh5 19. Qd3 Ne6 20. Bc3 Rfd8 21. Bd2 Nc5 22. Qe3 b5 23. cxb5 cxb5 24. Nh2 a5 25. b3 Qa7 26. Ng4 Bxg4 27. Rxg4 b4 28. Kb2 a4 1/2-1/2

[Event "Bucaramanga Feria op 2nd"]
[Site "Bucaramanga"]
[Date "2013.09.21"]
[Round "4"]
[White "Navas, Gildardo"]
[Black "Santoyo Silva, Sergio Julian"]
[Result "0-1"]
[WhiteElo "1541"]
[BlackElo "1853"]
[PlyCount "24"]
[EventDate "2013.09.20"]
[EventType "swiss"]
[EventRounds "7"]
[EventCountry "COL"]
[SourceTitle "CBM 156 Extra"]
[Source "ChessBase"]
[SourceDate "2013.10.22"]
[SourceVersion "1"]
[SourceVersionDate "2013.10.22"]
[SourceQuality "1"]

1. e4 c5 2. Nf3 d6 3. c3 g6 4. Bc4 Bg7 5. d4 cxd4 6. cxd4 Nc6 7. 0-0 Bg4 8. Be3 Nf6 9. Nc3 Rc8 10. Rc1 Nd7 11. a4 Na5 12. Bxf7+ Kf8 0-1

[Event "Santander UDI Cup"]
[Site "Santander"]
[Date "2013.06.02"]
[Round "5.26"]
[White "Navas, Gildardo"]
[Black "Gonzalez Suarez, Nelson"]
[Result "1-0"]
[WhiteElo "1530"]
[BlackElo "1604"]
[PlyCount "52"]
[EventDate "2013.05.31"]
[EventType "swiss"]
[EventRounds "8"]
[EventCountry "COL"]
[SourceTitle "EXT 2024"]
[Source "ChessBase"]
[SourceDate "2023.10.10"]
[SourceVersion "1"]
[SourceVersionDate "2023.10.10"]
[SourceQuality "1"]

1. e4 e5 2. Nf3 d6 3. c3 Bg4 4. Be2 Bxf3 5. Bxf3 Nf6 6. d4 Nc6 7. Qb3 b6 8. Be3 Na5 9. Qc2 c5 10. 0-0 Be7 11. Qa4+ Nd7 12. Nd2 Bg5 13. Bg4 0-0 14. Nc4 Nxc4 15. Qxc4 cxd4 16. cxd4 Rc8 17. Qd5 exd4 18. Bxd4 Bf6 19. Bxf6 Nxf6 20. Qf5 Rc5 21. Qf3 Qb8 22. Rfd1 Qd8 23. Rd4 Qc7 24. Qf4 Nxg4 25. Qxg4 Rc1+ 26. Rd1 Rc2 1-0

[Event "Bucaramanga Santander"]
[Site "Bucaramanga"]
[Date "2012.01.22"]
[Round "8"]
[White "Martinez, Juan Cristobal"]
[Black "Navas, Gildardo"]
[Result "1-0"]
[WhiteElo "1867"]
[BlackElo "1557"]
[PlyCount "57"]
[EventDate "2012.01.18"]
[EventType "tourn"]
[EventRounds "9"]
[EventCountry "COL"]
[SourceTitle "EXT 2013"]
[Source "ChessBase"]
[SourceDate "2012.11.22"]
[SourceVersion "1"]
[SourceVersionDate "2012.11.22"]
[SourceQuality "1"]

1. e4 e5 2. Nf3 Nc6 3. Bb5 Nf6 4. 0-0 Bc5 5. d3 0-0 6. Bxc6 dxc6 7. Nxe5 Qe7 8. Nf3 Bg4 9. Bg5 Qe6 10. Nbd2 Rad8 11. Qe2 h6 12. Be3 Bxe3 13. fxe3 Bh5 14. Qf2 Ng4 15. Qe1 Qd6 16. Nc4 Qc5 17. h3 Nf6 18. b4 Qe7 19. Nh4 b5 20. Nf5 Qe6 21. Qg3 Bg6 22. Ne5 Bxf5 23. Rxf5 Rfe8 24. Raf1 Kf8 25. a3 Qd6 26. d4 Re7 27. Qh4 Qe6 28. g4 Nxe4 29. Rxf7+ 1-0

[Event "Bucaramanga Santander"]
[Site "Bucaramanga"]
[Date "2012.01.20"]
[Round "5"]
[White "Navas, Gildardo"]
[Black "Ramirez Reyes, Jaime Orlando"]
[Result "1/2-1/2"]
[WhiteElo "1557"]
[BlackElo "1549"]
[PlyCount "123"]
[EventDate "2012.01.18"]
[EventType "tourn"]
[EventRounds "9"]
[EventCountry "COL"]
[SourceTitle "EXT 2013"]
[Source "ChessBase"]
[SourceDate "2012.11.22"]
[SourceVersion "1"]
[SourceVersionDate "2012.11.22"]
[SourceQuality "1"]

1. e4 c6 2. Nf3 d5 3. Nc3 dxe4 4. Nxe4 Bg4 5. h3 Bxf3 6. Qxf3 Nf6 7. Nxf6+ exf6 8. Bc4 Bd6 9. 0-0 0-0 10. d3 Qc7 11. Re1 b5 12. Bxb5 a6 13. Ba4 Bh2+ 14. Kf1 Be5 15. c3 Rc8 16. d4 Bd6 17. Re4 Nd7 18. Bf4 Nb6 19. Bb3 Nd5 20. Bxd6 Qxd6 21. Bxd5 cxd5 22. Qf4 Qd7 23. Re2 Re8 24. Rae1 Rxe2 25. Rxe2 Qb5 26. Qe3 Kf8 27. Ke1 Re8 28. Qxe8+ Qxe8 29. Rxe8+ Kxe8 30. Kd2 Kd7 31. Kd3 Kd6 32. c4 dxc4+ 33. Kxc4 f5 34. a4 g5 35. b4 h5 36. b5 axb5+ 37. axb5 f6 38. b6 Kc6 39. d5+ Kxb6 40. Kd4 Kc7 41. Kc5 Kd7 42. d6 f4 43. Kd5 g4 44. h4 g3 45. fxg3 fxg3 46. Ke4 Kxd6 47. Kf5 Ke7 48. Kg6 Ke6 49. Kxh5 Kf5 50. Kh6 Kg4 51. Kg6 f5 52. h5 f4 53. h6 f3 54. gxf3+ Kxf3 55. h7 g2 56. h8Q g1Q+ 57. Kf7 Qa7+ 58. Kg6 Qb6+ 59. Kh7 Qc7+ 60. Qg7 Qc2+ 61. Qg6 Qxg6+ 62. Kxg6 1/2-1/2

[Event "Bucaramanga Santander"]
[Site "Bucaramanga"]
[Date "2012.01.20"]
[Round "4"]
[White "Sanchez Vega, Sergio Antonio"]
[Black "Navas, Gildardo"]
[Result "0-1"]
[WhiteElo "1381"]
[BlackElo "1557"]
[PlyCount "64"]
[EventDate "2012.01.18"]
[EventType "tourn"]
[EventRounds "9"]
[EventCountry "COL"]
[SourceTitle "EXT 2013"]
[Source "ChessBase"]
[SourceDate "2012.11.22"]
[SourceVersion "1"]
[SourceVersionDate "2012.11.22"]
[SourceQuality "1"]

1. e4 e5 2. Nf3 Nc6 3. Bc4 Bc5 4. c3 Nf6 5. d4 exd4 6. cxd4 Bb6 7. e5 Ng8 8. Ng5 Nxd4 9. Nxf7 Qe7 10. 0-0 d6 11. Re1 Be6 12. Bxe6 Nxe6 13. Nxh8 0-0-0 14. exd6 Rxd6 15. Qg4 Qf6 16. Qe2 Kb8 17. Be3 Ne7 18. Bxb6 Rxb6 19. Nc3 Qf8 20. Na4 Rc6 21. Rac1 Rxc1 22. Rxc1 Nd4 23. Qe5 Nec6 24. Qe4 Qxh8 25. Re1 a6 26. Nc5 g6 27. Nd7+ Ka7 28. Qf4 Qd8 29. Qf7 Nb4 30. Re8 Qg5 31. Qf8 Qc1+ 32. Re1 Qxe1# 0-1

[Event "Bucaramanga Santander"]
[Site "Bucaramanga"]
[Date "2012.01.19"]
[Round "2"]
[White "Navas, Gildardo"]
[Black "Suarez Pinto, Sergio Rafael"]
[Result "0-1"]
[WhiteElo "1557"]
[BlackElo "1740"]
[PlyCount "60"]
[EventDate "2012.01.18"]
[EventType "tourn"]
[EventRounds "9"]
[EventCountry "COL"]
[SourceTitle "EXT 2013"]
[Source "ChessBase"]
[SourceDate "2012.11.22"]
[SourceVersion "1"]
[SourceVersionDate "2012.11.22"]
[SourceQuality "1"]

1. e4 e5 2. Nf3 Nc6 3. Nc3 Nf6 4. Bc4 Bc5 5. d3 h6 6. 0-0 0-0 7. Re1 d6 8. Be3 Bb6 9. Bxb6 axb6 10. h3 Na5 11. Bb3 Nxb3 12. axb3 Bd7 13. Rxa8 Qxa8 14. Qa1 Bc6 15. b4 Re8 16. Qa3 Qxa3 17. bxa3 Ra8 18. Ra1 Kf8 19. b5 Bd7 20. a4 Ke7 21. Nd5+ Nxd5 22. exd5 Bxb5 23. Ra2 Rxa4 24. Rxa4 Bxa4 25. c3 Bd1 26. Nd2 Bc2 27. Kf1 Bxd3+ 28. Ke1 f6 29. Nb3 Bc4 30. Nd2 Bxd5 0-1

[Event "COL-ch visually impaired 2nd"]
[Site "Cali"]
[Date "2008.10.25"]
[Round "2.3"]
[White "Navas, Gildardo"]
[Black "Daza, Fernando"]
[Result "0-1"]
[WhiteElo "1600"]
[BlackElo "1632"]
[PlyCount "38"]
[EventDate "2008.10.25"]
[EventType "swiss"]
[EventRounds "7"]
[EventCountry "COL"]
[SourceTitle "EXT 2024"]
[Source "ChessBase"]
[SourceDate "2023.10.10"]
[SourceVersion "1"]
[SourceVersionDate "2023.10.10"]
[SourceQuality "1"]

1. e4 d6 2. Nf3 Nf6 3. Nc3 g6 4. Bb5+ c6 5. Ba4 Bg7 6. d3 Nbd7 7. 0-0 0-0 8. Bb3 Nc5 9. Be3 Nxb3 10. axb3 Qc7 11. Qd2 e5 12. h3 a6 13. Bh6 Bd7 14. Ne2 Rad8 15. Ng3 Bc8 16. Qg5 Be6 17. Bxg7 Kxg7 18. Nh4 h6 19. Nhf5+ Bxf5 0-1